LIBRARY & INFORMATION CENTRE, KCAET, TAVANUR

ONLINE PUBLIC ACCESS CATALOGUE (OPAC)

Sesamum / (Record no. 1293)

MARC details
000 -LEADER
fixed length control field 00484cam a2200193ua 4500
041 ## - LANGUAGE CODE
Language code of text/sound track or separate title eng
082 ## - DEWEY DECIMAL CLASSIFICATION NUMBER
Classification number 633.85
Item number JOS/SE
100 ## - MAIN ENTRY--AUTHOR NAME
Personal name Joshy, A,B .
245 ## - TITLE STATEMENT
Title Sesamum /
260 ## - PUBLICATION, DISTRIBUTION, ETC. (IMPRINT)
Place of publication Hyderabad :
Name of publisher R.Sankaran, secretory, Indian central oilseeds committee ,
Year of publication 1961.
300 ## - PHYSICAL DESCRIPTION
Number of Pages 109 ; .
942 ## - ADDED ENTRY ELEMENTS (KOHA)
Koha item type Books
Holdings
Withdrawn status Lost status Damaged status Home library Current library Date acquired Cost, normal purchase price Full call number Accession Number Koha item type
Withdrawn     KAUAET KAUAET 07/04/2012 8.00 633.85 7821 Books
Withdrawn     KAUAET KAUAET 07/04/2012 8.00 633.85 7829 Books
Withdrawn     KAUAET KAUAET 07/04/2012 8.00 633.85 7822 Books
free website counter